000 00785nam a2200241 a 4500
001 000010598
003 DO-SdBNP
005 20260304094324.0
008 091008s1985 dr 000 0 spa d
040 _aDO-SdBNP
_bspa
_cBNPHU
_erda
082 4 _aRD861.44
_bP379p
_222
100 1 _aPeix, Pedro
_d1952-2015
_925675
245 1 3 _aEl paraíso de la memoria /
_cPedro Peix.
264 4 _aSanto Domingo :
_bBiblioteca Nacional Pedro Henríquez Ureña (BNPHU),
_c1985
300 _a66 p. ;
_c22 cm.
490 0 _aColección Orfeo
590 _aInventariado, 2018 / DG
650 0 _aPoesía dominicana
_966
650 0 _aLiteratura dominicana.
_967
710 2 _aBiblioteca Nacional Pedro Henríquez Ureña
_981292
910 _aValidado. Control de calidad BNPHU
942 _2ddc
_cLBS1
999 _c10356
_d10356